Statistics for Top 15 FPS Games

Click here to take the quiz!

General Stats

  • This quiz has been taken 150 times
  • The average score is 5 of 15

Answer Stats

MetascoreAnswer% Correct
94Call of Duty: Modern Warfare
93%
94Call of Duty: Modern Warfare 2
93%
95Halo 2
52%
94Halo 3
52%
97Halo: Combat Evolved
52%
96Half-Life
37%
96Half-Life 2
37%
94Quake
19%
93Quake III Arena
19%
96Bioshock
16%
94Bioshock Infinite
16%
96Goldeneye 007
14%
93Unreal Tournament 2004
13%
97Perfect Dark
11%
97Metroid Prime
5%

Score Distribution

Percentile by Number Answered

Percent of People with Each Score

Your Score History

You have not taken this quiz